Lógica : la ciencia del logos / Pablo Domínguez Prieto

Kaydedildi:
Detaylı Bibliyografya
Yazar: Domínguez Prieto, Pablo (autor)
Materyal Türü: Kitap
Seri Bilgileri:Sapientia Rerum serie de Manuales de Filosofía ; 13
Konular:
Etiketler: Etiketle
Etiket eklenmemiş, İlk siz ekleyin!

MARC

LEADER 00000nam^a2200000^u^4500
001 000552558
005 20250521000000.0
008 060220s1000^^^^^^^^^^^^r^^^^^000^0^spa^d
009 20260310131619.476
022 |a 9788422014485 
035 |a FMI 000022348 
037 |a Acervo Xavier Clavigero 
096 |a 6.1/2/A 
100 |a Domínguez Prieto, Pablo  |e (autor) 
245 1 0 |a Lógica : la ciencia del logos / Pablo Domínguez Prieto 
264 |a Madrid : Biblioteca de Autores Cristianos ; 2010 
300 |a 417 p 
336 |a texto  |b txt  |2 rdacontenido 
337 |a sin mediación  |b n  |2 rdamedio 
338 |a volumen  |b nc  |2 rdasoporte 
440 0 |a Sapientia Rerum serie de Manuales de Filosofía ; 13 
649 |a XX 
650 |a Lógica 
910 |a Fondo Francisco Migoya Covarrubias S.J. 
920 |a Impresos - Libros 
930 |a Fondos Especiales 
905 |a 134 
901 |a SBC29800  |b IT2  |c ESP  |u 20250521 
902 |a https://opac.biblio.iteso.mx/vufind/Record/000552558